000 00582nam a2200229Ia 4500
003 OSt
005 20221006164215.0
006 a|||||r|||| 00| 0
007 ta
008 221006b |||||||| |||| 00| 0 eng d
024 _a154
037 _cTextual
040 _aFML
_cFML
_beng
041 _2eng
_aeng
082 _aQ2:4x1,1, B6
100 _aBuehler G Au.
_9676854
245 0 _aThe Laws Of Manu
260 _aDelhi
_bMotilal Banarasidas
_c1886
300 _a620
_ccm.
942 _hQ2:4x1,1, B6
_cTEXL
_2CC
999 _c1116521
_d1116521